Online katalóg knižníc regiónu Turca

Šteniatko Vinco na ceste okolo sveta (Record no. 21747)

MARC details
000 -LEADER
fixed length control field 01759cam a2200481 a 4500
001 - CONTROL NUMBER
control field 21747
003 - CONTROL NUMBER IDENTIFIER
control field VRT
005 - DATE AND TIME OF LATEST TRANSACTION
control field 20260309113651.0
008 - FIXED-LENGTH DATA ELEMENTS--GENERAL INFORMATION
fixed length control field 240318s2011 xo a b 000 jdslo
015 ## - NATIONAL BIBLIOGRAPHY NUMBER
National bibliography number SNBA2012/02-01158
020 ## - INTERNATIONAL STANDARD BOOK NUMBER
International Standard Book Number 9788081121289
Qualifying information (viaz.)
035 ## - SYSTEM CONTROL NUMBER
System control number A87B3310-A699-485B-940C-0809B171B7FC
035 ## - SYSTEM CONTROL NUMBER
System control number urn:nbn:sk:snk-amjxov
035 ## - SYSTEM CONTROL NUMBER
System control number urn:nbn:sk:snk-am0080f1
039 #9 - LEVEL OF BIBLIOGRAPHIC CONTROL AND CODING DETAIL [OBSOLETE]
Level of rules in bibliographic description 202403181704
Level of effort used to assign nonsubject heading access points VLOAD
Level of effort used to assign subject headings 202403131542
Level of effort used to assign classification AUTHORITY
Level of effort used to assign subject headings 201611141151
Level of effort used to assign classification AUTHORITY
Level of effort used to assign subject headings 201511121721
Level of effort used to assign classification VLOAD
040 ## - CATALOGING SOURCE
Original cataloging agency PPPK
Language of cataloging slo
Transcribing agency PPPK
Modifying agency SNK
Description conventions AACR2
041 1# - LANGUAGE CODE
Language code of text/sound track or separate title slo
Language code of original rus
044 ## - COUNTRY OF PUBLISHING/PRODUCING ENTITY CODE
MARC country code xo
ISO country code SK
072 #7 - SUBJECT CATEGORY CODE
Subject category code 821.17
Subject category code subdivision Baltské literatúry
Source konspekt
072 #7 - SUBJECT CATEGORY CODE
Subject category code 821-93
Subject category code subdivision Literatúra pre deti a mládež (beletria)
Source konspekt
080 ## - UNIVERSAL DECIMAL CLASSIFICATION NUMBER
Universal Decimal Classification number 821.172-32
Edition identifier 2001
080 ## - UNIVERSAL DECIMAL CLASSIFICATION NUMBER
Universal Decimal Classification number 821-93
Edition identifier 2001
100 1# - MAIN ENTRY--PERSONAL NAME
Personal name Jovaišiene, Brigita,
Dates associated with a name 1976-
Relationship aut
245 10 - TITLE STATEMENT
Title Šteniatko Vinco na ceste okolo sveta
Statement of responsibility, etc. Brigita Jovaišiene, ilustroval Daniel Howarth ; [preklad z ruštiny: Iveta Cimprichová]
250 ## - EDITION STATEMENT
Edition statement 1. vyd.
260 ## - PUBLICATION, DISTRIBUTION, ETC.
Place of publication, distribution, etc. Bratislava
Name of publisher, distributor, etc. Slovart Print
Date of publication, distribution, etc. c2011
300 ## - PHYSICAL DESCRIPTION
Extent 103 s.
Other physical details fareb. ilustr.
Dimensions 26 cm
500 ## - GENERAL NOTE
General note Biogr. údaje
655 #7 - INDEX TERM--GENRE/FORM
Genre/form data or focus term litovské príbehy
Source of term SNKPH
655 #7 - INDEX TERM--GENRE/FORM
Genre/form data or focus term publikácie pre deti
Source of term SNKPH
655 #7 - INDEX TERM--GENRE/FORM
Genre/form data or focus term Lithuanian stories
Source of term SNKPHeng
655 #7 - INDEX TERM--GENRE/FORM
Genre/form data or focus term Children's literature
Source of term SNKPHeng
700 1# - ADDED ENTRY--PERSONAL NAME
Personal name Howarth, Daniel
Relationship ill
700 1# - ADDED ENTRY--PERSONAL NAME
Personal name Cimprichová, Iveta
Relationship trl
942 ## - ADDED ENTRY ELEMENTS (KOHA)
Source of classification or shelving scheme Dewey Decimal Classification
Koha item type Krásna literatúra pre deti
Suppress in OPAC No
949 ## - LOCAL PROCESSING INFORMATION (OCLC)
6 3869A19894
a bpksh821.172-34
b bpksh60188
949 ## - LOCAL PROCESSING INFORMATION (OCLC)
6 17A0795833
a snkSB 82312
b snk2012/610
o 76/12
s 6100:20140925
949 ## - LOCAL PROCESSING INFORMATION (OCLC)
6 17A0795832
a snkSB 82312 D1
b snk2012/611
o 76/12
949 ## - LOCAL PROCESSING INFORMATION (OCLC)
6 2889186948
a savukPV 16632
b savuk2012/3300
949 ## - LOCAL PROCESSING INFORMATION (OCLC)
6 273K0560683
a svkpoC 53287
b svkpo561562
980 ## - EQUIVALENCE OR CROSS-REFERENCE-SERIES STATEMENT--PERSONAL NAME/TITLE [LOCAL, CANADA]
Personal name 821.172-93
980 ## - EQUIVALENCE OR CROSS-REFERENCE-SERIES STATEMENT--PERSONAL NAME/TITLE [LOCAL, CANADA]
Personal name 821.172-32
Holdings
Stav vyradenia Strata Poškodenie Spôsob nadobudnutia Domovská knižnica Aktuálna knižnica Dátum nadobudnutia Total checkouts Čiarový kód exemplára Date last seen Typ exemplára
      Dar Obecná knižnica Turčianska Štiavnička Obecná knižnica Turčianska Štiavnička 09.03.2026   4738000355 09.03.2026 Krásna literatúra pre deti
Projekt je podporený Slovenskou asociáciou knižníc
Prevádzkuje Turčianska knižnica Martin 2026